Science and math : Biology, chemistry, physics, earth science, space science

Guardat en:
Dades bibliogràfiques
Format: Llibre
Idioma:Undetermined
Publicat: Burlington, NC Carolina 2001
Matèries:
Etiquetes: Afegir etiqueta
Sense etiquetes, Sigues el primer a etiquetar aquest registre!
Thư viện lưu trữ: Trung tâm Học liệu Trường Đại học Cần Thơ
LEADER 00495nam a2200169Ia 4500
001 CTU_192445
008 210402s9999 xx 000 0 und d
082 |a 500 
082 |b S416 
245 0 |a Science and math : 
245 0 |b Biology, chemistry, physics, earth science, space science 
260 |a Burlington, NC 
260 |b Carolina 
260 |c 2001 
650 |a Science,Mathematics,Khoa học,Toán học 
904 |i Trúc 
980 |a Trung tâm Học liệu Trường Đại học Cần Thơ